| 000 | 00922nam a2200217 a 4500 | ||
|---|---|---|---|
| 001 | 000039214 | ||
| 005 | 20201002031540.0 | ||
| 008 | 130611s1997 sp 000 0 spa d | ||
| 020 | _a8400076648 | ||
| 100 | 1 |
_aVicente Niclós, José _965409 |
|
| 245 | 1 | 3 |
_aSSem Tob Ibn SSaprut :"la piedra de toque" (Eben Bohan) : _buna obra de controversia judeo-cristiana : introducción, edición crítica, traducción y notas al libro I. / _cJosé Vicente Niclós. |
| 260 |
_aMadrid : _bConsejo Superior de Investigaciones Científicas, _c1997. |
||
| 300 |
_a474 p. ; _c26 cm. |
||
| 490 | 1 |
_aBiblioteca hispana biblica _v16 |
|
| 500 | _aTexto en español y hebreo | ||
| 500 | _aIncluye referencias bibliográficas y notas al pie de las páginas | ||
| 504 | _aBibliografía | ||
| 710 | 2 |
_aConsejo Superior de Investigaciones Científicas (Espanya) _963895 |
|
| 830 | 0 |
_aBiblioteca hispana biblica _v16 _965410 |
|
| 999 |
_c38704 _d38704 |
||
| 040 | _aDO-SdBNP | ||